000 00630nam a2200241Ia 4500
003 OSt
005 20220923230523.0
006 a|||||r|||| 00| 0
007 ta
008 Pun
024 _a282,728
037 _cTextual
040 _aARTS
_cARTS
_bPun
041 _2Pun
_aPun
082 _aO153,3N50x, M7
100 _aਗਰਗ, ਰਾਜਕੁਮਾਰ
245 0 _aਭਲਾ ਮਾਣਸ ਕੈਣ
260 _c1987
300 _a104ਪੰ
_ccm.
650 _aਪੰਜਾਬੀ ਸਾਹਿਤ
942 _hO153,3N50x, M7
_cTEXL
_2CC
999 _c385422
_d385422